000 00881nam a22002057a 4500
999 _c17385
_d17385
003 AR-CdUCM
008 190508b ||||| |||| 00| 0 spa d
040 _aMUNICIPALIDAD PROVINCIAL DEL CUSCO
_cBIBLIOTECA MUNICIPAL DEL CUSCO
082 _a621 /
_bOR74
100 _aOrtiz Cabello, Jose T.
_937369
245 _aRadiogoniometria y meteorologia :
_baplicaciones practicas /
260 _aMéxico :
_bContinental,
_c1960.
300 _a370 paginas ;
_bIlustraciones,
_c23 paginas ;
505 _aContenido : Radiogoniometría -- Dirección Finder -- Propagación de las ondas electromagnéticas -- Goníometro anular -- Estaciones simultaneas -- El radiocompás y el radiogoníometro...
650 _aMediciones pluviometras
_937370
650 _aMediciones termométricas
_937371
650 _aBalance meteorológico
_937372
942 _2ddc
_cLIBROS
945 _awnts
_d2019-05-08